000 00739nmc a2200253 a 4500
003 AR-BaBNM
005 20251128204840.0
008 216019s1986 ||||||||||||||000 | spa||
020 _a950-614-386-2
040 _cAR-BaBNM
100 1 _aPuiggrós, Rodolfo
245 1 0 _aHistoria crítica de los partidos políticos argentinos
_n3
260 _aBuenos Aires
_bHyspamérica
_c1986
300 0 _a525 p.
490 0 _aBiblioteca argentina de historia y política
_vv. 25
500 0 _aNotas: p. 499-525
650 4 _aHISTORIA SOCIAL
650 4 _aPARTIDOS POLITICOS ARGENTINOS
650 4 _aHISTORIA ARGENTINA
650 4 _aHISTORIA POLITICA ARGENTINA
800 1 _aCostantini, Pablo
_edirector
942 _cBK
998 _cEnrique
999 _c9029
_d9029